Algeria Anthem Quiz - Statistics

General Stats
  • This quiz has been taken 12 times
  • The average score is 14 of 29
Answer Stats
Hint Answer % Correct
2 bi-n-nazilati (1)
100%
1 Qasaman (1)
100%
3 l-mahiqat (1)
71%
4 Wa-d-dima'i (1)
71%
5 z-zakiyati (1)
71%
16 Fi-l-jibali
57%
12 t-tahirat (2)
57%
8 bi-n-nazilati (2)
43%
27 Fa-shhadu! (1)
43%
15 l-khafiqat
43%
14 l-lami'ati
43%
9 l-mahiqat (2)
43%
22 mamat
43%
19 Nahnu
43%
7 Qasaman (2)
43%
18 sh-shahiqat
43%
6 t-tahirat (1)
43%
23 wa-'aqadna
43%
10 Wa-d-dima'i (2)
43%
13 Wa-l-bunudi
43%
11 z-zakiyati (2)
43%
24 al-'azma'an
29%
21 fa-hayatun'aw
29%
28 Fa-shhadu! (2)
29%
29 Fa-shhadu! (3)
29%
26 l-jaza'ir
29%
17 sh-shamikhati
29%
25 tahya
29%
20 thurna
29%
No matching quizzes found
Score Distribution
Percent of People with Each Score
Percentile by Number Answered
Your Score History
You have not taken this quiz